|
|
|
|
| LEADER |
00000nam0a2200000 4500 |
| 001 |
312462 |
| 005 |
20250611155421.0 |
| 035 |
|
|
|a (RuTPU)RU\TPU\book\337831
|
| 090 |
|
|
|a 312462
|
| 100 |
|
|
|a 20151223d1898 k y0rusy50 ca
|
| 101 |
0 |
|
|a rus
|
| 102 |
|
|
|a RU
|
| 105 |
|
|
|a f z 000zy
|
| 200 |
1 |
|
|a Газовые калильные печи для кровельного железа и значение их на Урале
|e диссертация, представленная в Совет Горного института Императрицы Екатерины II для соискания звания адъюнкта Института по кафедре металлургии, галургии и пробирного искусства
|f Н. П. Асеев
|
| 210 |
|
|
|a Санкт-Петербург
|c Типография П. П. Сойкина
|d 1898
|
| 215 |
|
|
|a [6], 233, 3 с.
|c табл.
|e Сравнительные результаты действия простых и первых газовых листокатальных и листоотделочных печей Алапаевских заводов, (таблицы А-В-С-Д)
|
| 300 |
|
|
|a Текст в русской дореформенной орфографии
|
| 316 |
|
|
|5 63413507: 9201
|a На титульном листе дарственная надпись: «Глубокоуважаемому Профессору Геннадию Даниловичу Романовскому от автора»
|
| 316 |
|
|
|5 63413507: 9201
|a Владельческий переплет ТТИ
|
| 317 |
|
|
|5 63413507: 9201
|a Приобретен ТТИ в 1908 г. для Горного отделения В. А. Обручевым и Л. Л. Тове из библиотеки профессора Горного института Г. Д. Романовского
|
| 317 |
|
|
|5 63413507: 42//518
|a Поступила в 1900 году в составе книжного собрания С. Н. Кулибина
|
| 516 |
1 |
|
|a Газовые печи
|
| 606 |
|
|
|a Закалочные среды
|9 38231
|
| 610 |
1 |
|
|a газовые печи
|
| 610 |
1 |
|
|a закалочные устройства
|
| 610 |
1 |
|
|a дарственная надпись
|
| 610 |
1 |
|
|a производство
|
| 610 |
1 |
|
|a история
|
| 610 |
1 |
|
|a Урал
|
| 610 |
1 |
|
|a заводы
|
| 610 |
1 |
|
|a статистика
|
| 610 |
1 |
|
|a листовое железо
|
| 610 |
1 |
|
|a листокатальные печи
|
| 610 |
1 |
|
|a дары автора
|
| 610 |
1 |
|
|a Библиотека Г. Д. Романовского
|
| 610 |
1 |
|
|a Библиотека С. Н. Кулибина
|
| 675 |
|
|
|a 621.784(04)
|v 4
|
| 700 |
|
1 |
|a Асеев
|b Н. П.
|c российский ученый-металлург
|c профессор Горного Института
|f 1871-1952
|g Николай Пудович
|3 (RuTPU)RU\TPU\pers\35957
|
| 801 |
|
1 |
|a RU
|b 63413507
|c 20151223
|
| 801 |
|
2 |
|a RU
|b 63413507
|c 20171129
|g RCR
|
| 850 |
|
|
|a 63413507
|
| 942 |
|
|
|c BK
|